Selected essays on political economy / (Record no. 125041)

MARC details
000 -LEADER
fixed length control field 00838nam a22002537a 4500
005 - DATE AND TIME OF LATEST TRANSACTION
control field 20170124105948.0
010 ## - LIBRARY OF CONGRESS CONTROL NUMBER
LC control number 348292
020 ## - INTERNATIONAL STANDARD BOOK NUMBER
Terms of availability 00.00
035 ## - SYSTEM CONTROL NUMBER
System control number 348292
037 ## - SOURCE OF ACQUISITION
Source of stock number/acquisition Cen Lib/Ret
040 ## - CATALOGING SOURCE
Original cataloging agency DPL
Language of cataloging EN
082 ## - DEWEY DECIMAL CLASSIFICATION NUMBER
Classification number 320.4
Item number BAS
100 ## - MAIN ENTRY--PERSONAL NAME
Personal name Bastiat, Frederic
9 (RLIN) 73450
245 ## - TITLE STATEMENT
Title Selected essays on political economy /
Statement of responsibility, etc by Frederic Bastiat; translated by Seymour Cain; edited by George B. de Huszar
260 ## - PUBLICATION, DISTRIBUTION, ETC. (IMPRINT)
Place of publication, distribution, etc New Jersey
Name of publisher, distributor, etc D. Van Nostrand Company
Date of publication, distribution, etc 1964
270 ## - ADDRESS
City New Jersey
Address 120 Alexander St. Princeton
300 ## - PHYSICAL DESCRIPTION
Extent xiv, 352p.
Dimensions 22cm(Hb)
500 ## - GENERAL NOTE
General note Includes bibliographical references and index
650 ## - SUBJECT ADDED ENTRY--TOPICAL TERM
Topical term or geographic name as entry element Economics
9 (RLIN) 73451
650 ## - SUBJECT ADDED ENTRY--TOPICAL TERM
Topical term or geographic name as entry element Free enterprise
9 (RLIN) 73452
700 ## - ADDED ENTRY--PERSONAL NAME
Personal name Cain, Seymour
9 (RLIN) 73453
700 ## - ADDED ENTRY--PERSONAL NAME
Personal name Huszar, George B. de
9 (RLIN) 73454
942 ## - ADDED ENTRY ELEMENTS (KOHA)
Source of classification or shelving scheme Dewey Decimal Classification
Koha item type English Books
Classification part 320.4
Call number suffix BAS
Holdings
Withdrawn status Lost status Damaged status Not for loan Home library Current library Date acquired Source of acquisition Cost, normal purchase price Total Checkouts Full call number Barcode Date last seen Copy number Cost, replacement price Price effective from Koha item type Public note
Written off       Central Library Central Library 19/06/2015 Cen LIb/Ret 0.00   320.4 BAS 348292 19/06/2015 1 0.00 19/06/2015 English Books W/d List No. 6897/2 ; dtd 19/10/2020

© Delhi Public Library
Hit Counter
free hit counter